000
00244nam a2200097Ia 4500
001
699072
005
20250826162103.0
008
250824s9999 xx 000 0 und d
245
0
_a
ALLAHA EMANET OL
_c
KAHRAMAN TAZEOĞLU
260
_b
DESTEK YAYINLARI
999
_c
699072
_d
699072